[Event "Madrid-ch Previa A"]
[Site "Madrid ESP"]
[Date "2014.02.12"]
[Round "6.11"]
[White "Perez Cameselle, Francisco Jose"]
[Black "Fuster Aguilo, Juan"]
[Result "1-0"]
[WhiteElo "1895"]
[BlackElo "1775"]
[PlyCount "87"]
[EventDate "2014.02.03"]
[EventType "swiss"]
[EventRounds "9"]
[EventCountry "ESP"]
[Source "lmi"]
[SourceDate "2014.02.03"]

1. e4 e6 2. d3 d5 3. Nd2 Nf6 4. Ngf3 c5 5. g3 Nc6 6. Bg2 Be7 7. O-O O-O 8. Qe2
d4 9. e5 Nd5 10. a4 f5 11. exf6 Nxf6 12. Bh3 e5 13. Bxc8 Qxc8 14. Nxe5 Qe6 15.
Ndc4 Nxe5 16. Qxe5 Qh3 17. Bd2 Rae8 18. Rae1 Kh8 19. f3 b6 20. Qe6 Qh5 21. Re5
Bd8 22. Qxe8 Qxe8 23. Rxe8 Rxe8 24. Re1 Rxe1+ 25. Bxe1 Bc7 26. b4 Nd7 27. b5
Kg8 28. Kg2 Kf7 29. g4 Nf6 30. Bg3 Bxg3 31. Kxg3 Ke6 32. a5 Nd5 33. axb6 axb6
34. f4 Kd7 35. Kf3 Kc7 36. f5 Nc3 37. Na3 Nd5 38. g5 Kd7 39. Ke4 Ne3 40. Nc4
Nxc2 41. Nxb6+ Kc7 42. Nd5+ Kd6 43. b6 Kc6 44. f6 1-0

[Event "Madrid-ch Previa A"]
[Site "Madrid ESP"]
[Date "2014.02.12"]
[Round "6.12"]
[White "Camarero Izquierdo, Juan Carlos"]
[Black "De La Fuente Ebro, Miguel Angel"]
[Result "1-0"]
[WhiteElo "1870"]
[BlackElo "1772"]
[PlyCount "77"]
[EventDate "2014.02.03"]
[EventType "swiss"]
[EventRounds "9"]
[EventCountry "ESP"]
[Source "lmi"]
[SourceDate "2014.02.03"]

1. d4 Nf6 2. Nc3 d5 3. Bg5 Bf5 4. f3 c6 5. Bxf6 exf6 6. e4 dxe4 7. fxe4 Bg6 8.
a3 Bd6 9. Qf3 Qa5 10. h4 h5 11. Nh3 O-O 12. g3 b5 13. O-O-O b4 14. axb4 Bxb4
15. Nf4 Bxc3 16. bxc3 Rd8 17. Bc4 Kf8 18. d5 Nd7 19. Qe3 Ne5 20. Be2 Qa3+ 21.
Kd2 cxd5 22. Nxd5 Qa2 23. Qc5+ Kg8 24. Ra1 Rxd5+ 25. Qxd5 Qxd5+ 26. exd5 Rd8
27. c4 Rc8 28. Ra4 Rb8 29. Kc3 Nd7 30. Rxa7 Nc5 31. Rha1 Ne4+ 32. Kd4 Nxg3 33.
Bd3 Bxd3 34. Kxd3 Nf5 35. Ra8 Rxa8 36. Rxa8+ Kh7 37. c5 Ne7 38. d6 Nc6 39. Ke4
1-0

[Event "Madrid-ch Previa A"]
[Site "Madrid ESP"]
[Date "2014.02.12"]
[Round "6.14"]
[White "Olano Lanchas, Dionisio"]
[Black "Hernandez Gutierrez, Jose"]
[Result "0-1"]
[WhiteElo "1761"]
[BlackElo "1852"]
[PlyCount "93"]
[EventDate "2014.02.03"]
[EventType "swiss"]
[EventRounds "9"]
[EventCountry "ESP"]
[Source "lmi"]
[SourceDate "2014.02.03"]

1. e4 c6 2. d4 d5 3. e5 Bf5 4. c4 dxc4 5. Bxc4 e6 6. a3 Ne7 7. Ne2 Bg6 8. b4
Qb6 9. Bb2 Nf5 10. O-O Nd7 11. Nbc3 Be7 12. Na4 Qc7 13. Bd3 O-O 14. Rc1 a6 15.
Qd2 Rad8 16. Qc3 Nb6 17. Nxb6 Qxb6 18. g4 Nh4 19. Bxg6 Nxg6 20. f4 Rd7 21. Kg2
Qb5 22. Qc4 Qxc4 23. Rxc4 Rfd8 24. g5 Nh4+ 25. Kf2 Nf5 26. Rd1 f6 27. exf6 gxf6
28. gxf6 Bxf6 29. Kf3 Kf7 30. a4 Rg8 31. Ng3 Rd5 32. Ne4 Rgd8 33. Nxf6 Kxf6 34.
Bc3 Kf7 35. Rd2 Rg8 36. Rc5 Rg1 37. Bb2 Nd6 38. Kf2 Rb1 39. Rxd5 exd5 40. Re2
Nc4 41. Bc3 Rh1 42. Kg3 Kg6 43. h4 Kf5 44. Bd2 Rd1 45. Be1 Rxd4 46. h5 Rd3+ 47.
Kh4 0-1

[Event "Madrid-ch Previa A"]
[Site "Madrid ESP"]
[Date "2014.02.12"]
[Round "6.15"]
[White "Boni De Aristizabal, Marco"]
[Black "Lopez Orellana, Federico"]
[Result "0-1"]
[WhiteElo "1756"]
[BlackElo "1818"]
[PlyCount "110"]
[EventDate "2014.02.03"]
[EventType "swiss"]
[EventRounds "9"]
[EventCountry "ESP"]
[Source "lmi"]
[SourceDate "2014.02.03"]

1. e4 c5 2. c3 g6 3. d4 cxd4 4. Qxd4 Nf6 5. Bb5 a6 6. Ba4 b5 7. Bc2 Nc6 8. Qd1
Bg7 9. f4 d6 10. Nf3 O-O 11. Be3 Qc7 12. O-O Bb7 13. Nbd2 Ng4 14. Qe2 b4 15.
Bb3 bxc3 16. bxc3 a5 17. Rfc1 Ba6 18. Bc4 Bxc4 19. Nxc4 Rab8 20. Bd4 Nxd4 21.
Nxd4 h5 22. h3 Nh6 23. g4 hxg4 24. hxg4 Nxg4 25. Nxa5 Qxa5 26. Qxg4 Rfc8 27.
Qf3 Qc5 28. Qe3 Rb2 29. a4 e5 30. fxe5 dxe5 31. Nc2 Rxc2 32. Qxc5 Rxc1+ 33.
Rxc1 Rxc5 34. Kf2 Rc4 35. Ra1 Bf8 36. a5 Bc5+ 37. Ke2 Rxc3 38. a6 Re3+ 39. Kd2
Rxe4 40. Kd3 Rd4+ 41. Kc3 Rd8 42. Kc4 Ba7 43. Kb5 e4 44. Kc6 e3 45. Re1 f5 46.
Kb7 Bd4 47. a7 Rd7+ 48. Kb8 Rxa7 49. Rg1 Kf7 50. Kc8 f4 51. Kd8 f3 52. Rg4 Bf6+
53. Kc8 f2 54. Rf4 g5 55. Rf5 Ke6 0-1

[Event "Madrid-ch Previa A"]
[Site "Madrid ESP"]
[Date "2014.02.12"]
[Round "6.16"]
[White "Diaz Begonte, Manuel"]
[Black "Quijano Cabrera, Adelardo"]
[Result "1/2-1/2"]
[WhiteElo "1783"]
[BlackElo "1710"]
[PlyCount "79"]
[EventDate "2014.02.03"]
[EventType "swiss"]
[EventRounds "9"]
[EventCountry "ESP"]
[Source "lmi"]
[SourceDate "2014.02.03"]

1. e4 c5 2. d4 cxd4 3. c3 Nc6 4. Nf3 d5 5. e5 g6 6. cxd4 Bg7 7. Be3 Bg4 8. Be2
e6 9. Nbd2 Nge7 10. O-O Qb6 11. Qb3 Qxb3 12. Nxb3 Nf5 13. Rac1 Bxf3 14. Bxf3
O-O 15. g4 Nxe3 16. fxe3 Bh6 17. Kf2 Rac8 18. Rc3 Nb4 19. Rfc1 Rxc3 20. Rxc3
Nxa2 21. Rc7 b6 22. Rxa7 Nb4 23. h4 Rc8 24. Bd1 Nd3+ 25. Ke2 Nxb2 26. g5 Bf8
27. Rb7 Nc4 28. Nd2 Nxd2 29. Kxd2 h6 30. gxh6 Bxh6 31. Rxb6 Ra8 32. Rc6 Ra3 33.
Rc3 Rxc3 34. Kxc3 Bxe3 35. Kd3 Bf2 36. h5 Kh7 37. Bg4 Kh6 38. hxg6 Kxg6 39. Bf3
Kg5 40. Be2 1/2-1/2

[Event "Madrid-ch Previa A"]
[Site "Madrid ESP"]
[Date "2014.02.12"]
[Round "6.17"]
[White "Canseco Arenas, Alfonso"]
[Black "Rodriguez Bachiller, Luis"]
[Result "0-1"]
[WhiteElo "1721"]
[BlackElo "1771"]
[PlyCount "152"]
[EventDate "2014.02.03"]
[EventType "swiss"]
[EventRounds "9"]
[EventCountry "ESP"]
[Source "lmi"]
[SourceDate "2014.02.03"]

1. Nf3 Nf6 2. d4 g6 3. Bg5 Bg7 4. e3 c5 5. Bxf6 Bxf6 6. c3 Qb6 7. Qc2 d6 8.
Nbd2 O-O 9. Bd3 Bd7 10. O-O cxd4 11. Nxd4 Nc6 12. Qb3 Qxb3 13. N2xb3 a6 14. h3
Rac8 15. Rfd1 Ne5 16. Be4 Nc6 17. Ne2 Rc7 18. Nf4 Be6 19. Bd5 Bd7 20. Bf3 Be6
21. Nxe6 fxe6 22. Rd2 Ne5 23. Be2 Nc4 24. Bxc4 Rxc4 25. Rad1 Rfc8 26. a3 b5 27.
g3 Rf8 28. Kg2 Bg7 29. Nd4 Bxd4 30. exd4 d5 31. Re1 Rf6 32. Rde2 Rc6 33. g4 g5
34. Kg3 Kg7 35. Re5 h6 36. R1e2 Kg6 37. h4 gxh4+ 38. Kxh4 a5 39. Kg3 Kf7 40. f4
b4 41. axb4 axb4 42. cxb4 Rc4 43. Rd2 Rxb4 44. f5 exf5 45. gxf5 Rfb6 46. Rxd5
Rxb2 47. Rxb2 Rxb2 48. Re5 Rd2 49. Re4 Kf6 50. Kg4 Rg2+ 51. Kf3 Rg1 52. Kf2 Rg7
53. Rf4 Rg5 54. Rh4 Rxf5+ 55. Ke3 h5 56. Ke4 e6 57. Rh1 Kg6 58. Rg1+ Rg5 59.
Rh1 Rg2 60. Ke5 Re2+ 61. Kf4 Rf2+ 62. Ke5 Re2+ 63. Kf4 Ra2 64. Ke5 Ra6 65. Rg1+
Kf7 66. Rf1+ Ke7 67. Rg1 Ra5+ 68. Ke4 Kf6 69. Rg8 h4 70. Rh8 Kg5 71. Rg8+ Kh5
72. Re8 Ra6 73. Rh8+ Kg4 74. Rg8+ Kh3 75. Rg6 Kh2 76. d5 exd5+ 0-1

[Event "Madrid-ch Previa A"]
[Site "Madrid ESP"]
[Date "2014.02.12"]
[Round "6.18"]
[White "Corredor Gonzalez, Angel L"]
[Black "Calleja Aletta, Jacobo"]
[Result "0-1"]
[WhiteElo "1750"]
[BlackElo "1577"]
[PlyCount "94"]
[EventDate "2014.02.03"]
[EventType "swiss"]
[EventRounds "9"]
[EventCountry "ESP"]
[Source "lmi"]
[SourceDate "2014.02.03"]

1. e4 c5 2. Nf3 Nc6 3. d4 cxd4 4. Nxd4 e5 5. Nb5 d6 6. N1c3 a6 7. Na3 Nf6 8.
Bg5 Be7 9. Nc4 b5 10. Bxf6 gxf6 11. Ne3 Nd4 12. Ncd5 Bb7 13. c3 Ne6 14. Nf5
Bxd5 15. Qxd5 Ra7 16. O-O-O O-O 17. Rd3 Nf4 18. Rg3+ Kh8 19. Qb3 d5 20. exd5
Qxd5 21. Qxd5 Nxd5 22. Be2 Nf4 23. Bg4 Bc5 24. Rf1 Rd8 25. Kc2 h5 26. Bxh5 Nxh5
27. Rh3 Kh7 28. Rxh5+ Kg6 29. g4 Rad7 30. h4 Rd2+ 31. Kc1 Bf8 32. Rh8 R2d3 33.
Kc2 Rd2+ 34. Kb3 a5 35. a3 b4 36. f4 exf4 37. Rxf4 bxa3 38. bxa3 Rb8+ 39. Kc4
a4 40. Ne7+ Kg7 41. Rg8+ Kh7 42. Rf5 Rc8+ 43. Kb5 Rb2+ 44. Kxa4 Ra8+ 45. Ra5
Rxa5+ 46. Kxa5 Bxe7 47. a4 Kxg8 0-1

[Event "Madrid-ch Previa A"]
[Site "Madrid ESP"]
[Date "2014.02.12"]
[Round "6.21"]
[White "Marcelo de la Mata, Daniel"]
[Black "Salgado Duarte, Pablo"]
[Result "1-0"]
[WhiteElo "1668"]
[BlackElo "1554"]
[PlyCount "100"]
[EventDate "2014.02.03"]
[EventType "swiss"]
[EventRounds "9"]
[EventCountry "ESP"]
[Source "lmi"]
[SourceDate "2014.02.03"]

1. d4 d5 2. Nf3 Nf6 3. Bg5 e6 4. Nbd2 Be7 5. e3 Nc6 6. c4 b6 7. Qa4 Bd7 8. Qc2
O-O 9. a3 a5 10. Bd3 g6 11. cxd5 Nxd5 12. Bh6 Re8 13. e4 Nf6 14. h3 Na7 15. Ne5
c5 16. dxc5 Bxc5 17. O-O Rc8 18. Qb1 Bb5 19. Bxb5 Nxb5 20. Ndf3 Bd6 21. Nxf7
Kxf7 22. e5 Be7 23. Ng5+ Kg8 24. Nxe6 Qd5 25. exf6 Bxf6 26. Nf4 Qd4 27. Qa2+
Qc4 28. Nd5 Bd4 29. Be3 Qxa2 30. Rxa2 Bg7 31. a4 Nd6 32. Bxb6 Nc4 33. b3 Nxb6
34. Nxb6 Rb8 35. Nc4 Bc3 36. Rb1 Re4 37. Nd6 Re5 38. Nb5 Bb4 39. Rc2 Rf5 40.
Rd1 Rbf8 41. Rd7 Bc5 42. Kh2 Bxf2 43. Rcc7 R5f7 44. Rxf7 Rxf7 45. Rxf7 Kxf7 46.
g4 Bc5 47. Kg3 Kf6 48. Kf4 h6 49. Nc3 Bd6+ 50. Kf3 Bb4 1-0

[Event "Madrid-ch Previa A"]
[Site "Madrid ESP"]
[Date "2014.02.12"]
[Round "6.22"]
[White "Lucia Carpintero, Oscar"]
[Black "Cortijo Manso, Luis"]
[Result "1-0"]
[WhiteElo "1665"]
[BlackElo "1554"]
[PlyCount "53"]
[EventDate "2014.02.03"]
[EventType "swiss"]
[EventRounds "9"]
[EventCountry "ESP"]
[Source "lmi"]
[SourceDate "2014.02.03"]

1. d4 Nf6 2. Bg5 e6 3. e4 Be7 4. Bd3 d6 5. Nf3 Nc6 6. Qd2 h6 7. Bh4 e5 8. dxe5
dxe5 9. a3 a6 10. Nc3 Nh5 11. Bxe7 Qxe7 12. Nd5 Qd8 13. Qc3 f6 14. O-O-O Be6
15. Be2 Bxd5 16. Rxd5 Qe7 17. g3 g6 18. Nh4 Qg7 19. Bxh5 gxh5 20. Nf5 Qg5+ 21.
f4 Qg4 22. h3 Qg6 23. fxe5 fxe5 24. Rxe5+ Nxe5 25. Qxe5+ Kd7 26. Rd1+ Kc6 27.
Ne7+ 1-0

[Event "Madrid-ch Previa A"]
[Site "Madrid ESP"]
[Date "2014.02.12"]
[Round "6.24"]
[White "Ojosnegros Martin, Angel"]
[Black "Martin Rodriguez, Jose Luis"]
[Result "0-1"]
[WhiteElo "1532"]
[BlackElo "1385"]
[PlyCount "118"]
[EventDate "2014.02.03"]
[EventType "swiss"]
[EventRounds "9"]
[EventCountry "ESP"]
[Source "lmi"]
[SourceDate "2014.02.03"]

1. e4 e6 2. d4 d5 3. exd5 exd5 4. Nf3 Nf6 5. Bd3 Bd6 6. O-O O-O 7. c3 Bg4 8.
Bg5 h6 9. Bh4 Bf4 10. Be2 Re8 11. Nbd2 Nbd7 12. Re1 c6 13. Bg3 Bxg3 14. fxg3
Qc7 15. Qc2 Nf8 16. c4 Re7 17. Rac1 Rae8 18. Ne5 Bxe2 19. Rxe2 Ne6 20. Ndf3 Qb6
21. c5 Qc7 22. Qd1 Nf8 23. Rcc2 Re6 24. g4 Qe7 25. h3 N6h7 26. Re1 f6 27. Nd3
Rxe1+ 28. Ndxe1 Qe3+ 29. Kh2 Ng6 30. Qd2 Qf4+ 31. Qxf4 Nxf4 32. g3 Ng6 33. Kg2
Re4 34. Kf2 Ng5 35. Nxg5 fxg5 36. Nf3 Kf7 37. b4 Kf6 38. a4 Nf8 39. b5 Ne6 40.
bxc6 bxc6 41. Rb2 Nxd4 42. Nh2 Re7 43. h4 Kf7 44. hxg5 hxg5 45. Nf1 Ke8 46.
Rb8+ Kf7 47. Ne3 g6 48. Rh8 Kg7 49. Rc8 Kf6 50. Rg8 Kf7 51. Rb8 Kf6 52. Rf8+
Rf7 53. Rxf7+ Kxf7 54. Nd1 Ne6 55. Ke3 Nxc5 56. Nc3 Ke6 57. Kd4 Nd7 58. a5 Kd6
59. Na2 Ne5 0-1

[Event "Madrid-ch Previa A"]
[Site "Madrid ESP"]
[Date "2014.02.12"]
[Round "6.25"]
[White "Dominguez Afonso, Ayraldo"]
[Black "De Villanueva Dominguez, Julio"]
[Result "1-0"]
[WhiteElo "1508"]
[BlackElo "1332"]
[PlyCount "63"]
[EventDate "2014.02.03"]
[EventType "swiss"]
[EventRounds "9"]
[EventCountry "ESP"]
[Source "lmi"]
[SourceDate "2014.02.03"]

1. e4 c5 2. Nf3 Nc6 3. d4 cxd4 4. Nxd4 Nxd4 5. Qxd4 b6 6. Bc4 Bb7 7. O-O Nf6 8.
Re1 d5 9. Bb5+ Nd7 10. Nc3 a6 11. Bxd7+ Qxd7 12. exd5 b5 13. Bg5 f6 14. Bd2
O-O-O 15. Red1 Bxd5 16. Nxd5 Qxd5 17. Qa7 Qb7 18. Qc5+ Qc7 19. Qe3 e5 20. c4 b4
21. a3 a5 22. axb4 Bxb4 23. Bxb4 axb4 24. Ra8+ Kb7 25. Qa7+ Kc6 26. Qa6+ Qb6
27. Qxb6+ Kxb6 28. Raxd8 Rxd8 29. Rxd8 Kc5 30. b3 e4 31. Kf1 f5 32. Rd5+ 1-0

[Event "Madrid-ch Previa A"]
[Site "Madrid ESP"]
[Date "2014.02.12"]
[Round "6.26"]
[White "Enriquez Pastor, Jorge"]
[Black "Buergo Villanueva, Fernando"]
[Result "0-1"]
[WhiteElo "1413"]
[BlackElo "1321"]
[PlyCount "130"]
[EventDate "2014.02.03"]
[EventType "swiss"]
[EventRounds "9"]
[EventCountry "ESP"]
[Source "lmi"]
[SourceDate "2014.02.03"]

1. e4 c6 2. d4 d5 3. exd5 cxd5 4. Nf3 Bg4 5. Be2 Bxf3 6. Bxf3 e6 7. Nc3 Bb4 8.
Bd2 Bxc3 9. Bxc3 Ne7 10. O-O O-O 11. Bb4 a5 12. Bd2 Qd6 13. Bc3 Nd7 14. Be2 f5
15. Rb1 Nc6 16. a3 Nf6 17. f3 Qc7 18. Qd2 Nh5 19. f4 Nf6 20. Bf3 b5 21. b3 Rab8
22. a4 b4 23. Ba1 Qa7 24. Kh1 Ne4 25. Bxe4 fxe4 26. c4 bxc3 27. Bxc3 Rb6 28. b4
axb4 29. Bxb4 Rfb8 30. g4 Rxb4 31. Rxb4 Rxb4 32. Qc3 Rc4 33. Qh3 Qxd4 34. g5 e3
35. Qxe6+ Kf8 36. f5 Qe5 37. Qc8+ Qe8 38. Qe6 Qxe6 39. fxe6+ Ke7 40. Re1 Re4
41. Kg2 Ne5 42. a5 Kxe6 43. a6 Ra4 44. Rxe3 Rxa6 45. h4 Ra4 46. h5 Rg4+ 47. Kf2
Rxg5 48. h6 g6 49. Re1 Rh5 50. Kg3 Rxh6 51. Kf4 Rh5 52. Kg3 Rf5 53. Kg2 d4 54.
Ra1 Kd5 55. Ra5+ Ke4 56. Ra4 Ke3 57. Kg1 h5 58. Ra3+ d3 59. Ra6 d2 60. Ra3+ Ke2
61. Ra2 Rg5+ 62. Kh1 Nf3 63. Rxd2+ Nxd2 64. Kh2 Kf2 65. Kh1 Rg4 0-1

[Event "Madrid-ch Previa A"]
[Site "Madrid ESP"]
[Date "2014.02.17"]
[Round "7.2"]
[White "Jimenez Gonzalez, Marcos"]
[Black "Lozano Sanchez, Jose Antonio"]
[Result "1-0"]
[WhiteElo "1852"]
[BlackElo "1857"]
[PlyCount "61"]
[EventDate "2014.02.03"]
[EventType "swiss"]
[EventRounds "9"]
[EventCountry "ESP"]
[Source "lmi"]
[SourceDate "2014.02.03"]

1. b3 e5 2. Bb2 Nc6 3. e3 Nf6 4. c4 Be7 5. Nf3 d6 6. Be2 Bf5 7. a3 a5 8. d3 O-O
9. Nc3 h6 10. O-O Re8 11. Rc1 Qd7 12. Nd5 Rad8 13. Nd2 Be6 14. Bf3 Bf5 15. Ne4
Nxe4 16. dxe4 Be6 17. Qe2 f6 18. Rfd1 Qc8 19. Bc3 Rd7 20. Bg4 Bxg4 21. Qxg4 Rf8
22. c5 Qd8 23. b4 axb4 24. axb4 Na7 25. Ra1 Nb5 26. Ra8 Qxa8 27. Qxd7 Nxc3 28.
Nxe7+ Kh8 29. Ng6+ Kg8 30. Nxf8 Nxd1 31. Ne6 1-0

[Event "Madrid-ch Previa A"]
[Site "Madrid ESP"]
[Date "2014.02.17"]
[Round "7.3"]
[White "Hernandez Garcia, Carlos"]
[Black "Ore Leon, Gustavo"]
[Result "0-1"]
[WhiteElo "1819"]
[BlackElo "1814"]
[PlyCount "35"]
[EventDate "2014.02.03"]
[EventType "swiss"]
[EventRounds "9"]
[EventCountry "ESP"]
[Source "lmi"]
[SourceDate "2014.02.03"]

1. e4 c5 2. Nf3 Nc6 3. d4 cxd4 4. Nxd4 g6 5. Nc3 Bg7 6. Be3 d6 7. Qd2 Nf6 8. f3
Bd7 9. g4 a6 10. Nxc6 Bxc6 11. Bh6 O-O 12. Bxg7 Kxg7 13. O-O-O Qa5 14. h4 h5
15. g5 Nd7 16. f4 Qc5 17. Rh3 f6 18. Nd5 0-1

[Event "Madrid-ch Previa A"]
[Site "Madrid ESP"]
[Date "2014.02.17"]
[Round "7.4"]
[White "Quispe Arteaga, Gabriel"]
[Black "Fernandez Garcia, Ignacio"]
[Result "0-1"]
[WhiteElo "1556"]
[BlackElo "1903"]
[PlyCount "74"]
[EventDate "2014.02.03"]
[EventType "swiss"]
[EventRounds "9"]
[EventCountry "ESP"]
[Source "lmi"]
[SourceDate "2014.02.03"]

1. d4 c5 2. e3 Nf6 3. Nf3 Nc6 4. Nc3 cxd4 5. Nxd4 g6 6. Nxc6 bxc6 7. Bd2 Bg7 8.
Rb1 O-O 9. Be2 d6 10. O-O a5 11. Na4 Ne4 12. Bf3 Nxd2 13. Qxd2 Bd7 14. c4 Rb8
15. c5 Be6 16. b3 d5 17. Nb6 Bf5 18. Rbc1 e5 19. Qxa5 e4 20. Be2 Be5 21. Rfd1
Qh4 22. g3 Qg5 23. Qe1 h5 24. Qf1 h4 25. Qg2 hxg3 26. hxg3 Kg7 27. Kf1 Rh8 28.
Ke1 Rh6 29. a4 Rbh8 30. Kd2 d4 31. Nc4 Rh2 32. Qg1 Bf6 33. Re1 Be6 34. Nd6
dxe3+ 35. fxe3 Qd5+ 36. Kc2 Qxb3+ 37. Kd2 Qd3# 0-1

[Event "Madrid-ch Previa A"]
[Site "Madrid ESP"]
[Date "2014.02.17"]
[Round "7.5"]
[White "Gonzalez Recas, Fernando"]
[Black "Perez Cameselle, Francisco Jose"]
[Result "1/2-1/2"]
[WhiteElo "1796"]
[BlackElo "1895"]
[PlyCount "73"]
[EventDate "2014.02.03"]
[EventType "swiss"]
[EventRounds "9"]
[EventCountry "ESP"]
[Source "lmi"]
[SourceDate "2014.02.03"]

1. e4 e6 2. d4 d5 3. e5 c5 4. c3 Nc6 5. Nf3 Qb6 6. a3 Bd7 7. b4 cxd4 8. cxd4
Nge7 9. Nc3 Nf5 10. Na4 Qd8 11. Nc5 b6 12. Nxd7 Qxd7 13. Bb2 Be7 14. Rc1 Nd8
15. Bd3 O-O 16. O-O Nb7 17. Qe2 Rfc8 18. Bb5 Qd8 19. Rc6 Rc7 20. Rfc1 Rac8 21.
Qc2 Rxc6 22. Bxc6 Qc7 23. Qa4 Nd8 24. b5 a5 25. Rc3 Qb8 26. Qc2 g6 27. g4 Ng7
28. Ne1 Nxc6 29. Rxc6 Rxc6 30. Qxc6 Ne8 31. f4 Kf8 32. Kg2 Qc7 33. Qxc7 Nxc7
34. a4 Ne8 35. Kg3 f5 36. g5 Kf7 37. h3 1/2-1/2

[Event "Madrid-ch Previa A"]
[Site "Madrid ESP"]
[Date "2014.02.17"]
[Round "7.6"]
[White "Fernandez Aransay, Fernando"]
[Black "Montes De Santiago, Fernando"]
[Result "1/2-1/2"]
[WhiteElo "1886"]
[BlackElo "1826"]
[PlyCount "40"]
[EventDate "2014.02.03"]
[EventType "swiss"]
[EventRounds "9"]
[EventCountry "ESP"]
[Source "lmi"]
[SourceDate "2014.02.03"]

1. e4 c5 2. Nf3 d6 3. d4 cxd4 4. Nxd4 Nf6 5. Nc3 a6 6. Bc4 e6 7. Bb3 Be7 8. O-O
O-O 9. Be3 b5 10. g3 Bb7 11. f3 Nbd7 12. Qe2 Rc8 13. Rad1 Ne5 14. f4 Nc4 15.
Bc1 Qb6 16. Kh1 Rfd8 17. f5 e5 18. Nf3 Rc7 19. Rd3 Rdc8 20. Qe1 Qc6 1/2-1/2

[Event "Madrid-ch Previa A"]
[Site "Madrid ESP"]
[Date "2014.02.17"]
[Round "7.7"]
[White "Algaba Traspuesto, Jose Antonio"]
[Black "Martin-Consuegra Barrilero, Javier"]
[Result "1/2-1/2"]
[WhiteElo "1721"]
[BlackElo "1853"]
[PlyCount "40"]
[EventDate "2014.02.03"]
[EventType "swiss"]
[EventRounds "9"]
[EventCountry "ESP"]
[Source "lmi"]
[SourceDate "2014.02.03"]

1. d4 d6 2. e4 Nf6 3. Nc3 Nbd7 4. Nf3 e5 5. Bc4 Be7 6. O-O h6 7. Re1 O-O 8. a4
a5 9. h3 c6 10. Be3 Re8 11. Nh4 Nb6 12. Ba2 g5 13. Nf5 Bxf5 14. exf5 Kg7 15.
Qf3 Bf8 16. dxe5 dxe5 17. Rad1 Qc7 18. Ne4 Nxa4 19. Nxf6 Kxf6 20. h4 Bc5
1/2-1/2

[Event "Madrid-ch Previa A"]
[Site "Madrid ESP"]
[Date "2014.02.17"]
[Round "7.9"]
[White "Calleja Aletta, Jacobo"]
[Black "Camarero Izquierdo, Juan Carlos"]
[Result "0-1"]
[WhiteElo "1577"]
[BlackElo "1870"]
[PlyCount "62"]
[EventDate "2014.02.03"]
[EventType "swiss"]
[EventRounds "9"]
[EventCountry "ESP"]
[Source "lmi"]
[SourceDate "2014.02.03"]

1. c4 e5 2. Nc3 f5 3. e4 Bb4 4. exf5 Nf6 5. Nd5 Nc6 6. Nxb4 Nxb4 7. a3 Nc6 8.
d3 d5 9. Bg5 Bxf5 10. cxd5 Qxd5 11. Bxf6 gxf6 12. Qf3 Qd7 13. Ne2 O-O-O 14.
O-O-O e4 15. Qf4 exd3 16. Ng3 Bg6 17. Ne4 Ne5 18. Rd2 Qc6+ 19. Nc3 Nc4 20. h4
Nxd2 21. Kxd2 Kb8 22. h5 Qb6 23. b4 Be8 24. Rh3 a5 25. Bxd3 axb4 26. axb4 Bb5
27. Nxb5 Qxb5 28. Kc3 Qc6+ 29. Kb3 Qxg2 30. Rf3 Qh1 31. Qc4 Qxf3 0-1

[Event "Madrid-ch Previa A"]
[Site "Madrid ESP"]
[Date "2014.02.17"]
[Round "7.10"]
[White "Hernandez Gutierrez, Jose"]
[Black "Caamano Jimenez, Luis"]
[Result "0-1"]
[WhiteElo "1852"]
[BlackElo "1772"]
[PlyCount "52"]
[EventDate "2014.02.03"]
[EventType "swiss"]
[EventRounds "9"]
[EventCountry "ESP"]
[Source "lmi"]
[SourceDate "2014.02.03"]

1. d4 d5 2. c4 c6 3. Nf3 Nf6 4. e3 Bf5 5. Nc3 e6 6. Nh4 Bg6 7. Qb3 Qc7 8. Be2
Be7 9. Bd2 Nbd7 10. Rc1 Rc8 11. Nxg6 hxg6 12. g3 Nb6 13. O-O Nxc4 14. Bxc4 dxc4
15. Qxc4 Ng4 16. h4 Bxh4 17. d5 Ne5 18. Qe2 a6 19. dxe6 fxe6 20. gxh4 Rxh4 21.
f4 Ke7 22. Kg2 Rd8 23. fxe5 Qxe5 24. Rf4 Qg5+ 25. Kf3 Rh3+ 26. Ke4 Rd5 0-1

[Event "Madrid-ch Previa A"]
[Site "Madrid ESP"]
[Date "2014.02.17"]
[Round "7.11"]
[White "Saber, Salah"]
[Black "Lopez Peral, Enrique"]
[Result "1-0"]
[WhiteElo "1845"]
[BlackElo "1804"]
[PlyCount "99"]
[EventDate "2014.02.03"]
[EventType "swiss"]
[EventRounds "9"]
[EventCountry "ESP"]
[Source "lmi"]
[SourceDate "2014.02.03"]

1. e4 e5 2. Nf3 Nf6 3. Nc3 Bb4 4. d3 d6 5. Bd2 O-O 6. Be2 Nc6 7. h3 a6 8. a3
Bc5 9. Bg5 h6 10. Bh4 Be6 11. g4 Nd4 12. Nxd4 Bxd4 13. Qd2 g5 14. Bg3 b5 15.
Nd1 Qd7 16. f3 Nh7 17. c3 Bb6 18. h4 Qe7 19. hxg5 Qxg5 20. Rxh6 Qxd2+ 21. Kxd2
Kg7 22. Rh5 Rh8 23. Ne3 Bxe3+ 24. Kxe3 Nf6 25. Rhh1 Rxh1 26. Rxh1 Rh8 27. Rg1
Nd7 28. d4 Bb3 29. Bd1 Bxd1 30. Rxd1 f6 31. f4 Rh3 32. Kf3 Kf7 33. Kg2 Rh8 34.
fxe5 Ke6 35. d5+ Ke7 36. e6 Nc5 37. Kf3 Na4 38. b3 Nc5 39. b4 Na4 40. Rd2 Rh3
41. Kg2 Rh8 42. Bf2 Nxc3 43. Rc2 Nxe4 44. Rxc7+ Kd8 45. Bb6 Re8 46. Rc4+ Ke7
47. Rxe4 Rc8 48. Kf3 Rc2 49. Bd4 Rc7 50. Rf4 1-0

[Event "Madrid-ch Previa A"]
[Site "Madrid ESP"]
[Date "2014.02.17"]
[Round "7.12"]
[White "Lopez Orellana, Federico"]
[Black "Veiga Rodriguez, Pablo"]
[Result "1-0"]
[WhiteElo "1818"]
[BlackElo "1593"]
[PlyCount "107"]
[EventDate "2014.02.03"]
[EventType "swiss"]
[EventRounds "9"]
[EventCountry "ESP"]
[Source "lmi"]
[SourceDate "2014.02.03"]

1. d4 Nf6 2. Bg5 c6 3. Bxf6 exf6 4. e3 Qb6 5. b3 d5 6. Bd3 Be6 7. Ne2 Bd6 8.
O-O O-O 9. c4 Qd8 10. Nbc3 Re8 11. c5 Bc7 12. Ng3 g6 13. b4 f5 14. b5 Nd7 15.
Qa4 Qh4 16. f4 Nf6 17. Rf3 Bd7 18. bxc6 bxc6 19. Rb1 Ng4 20. Nf1 Reb8 21. Rxb8+
Rxb8 22. h3 Nxe3 23. Rxe3 Bxf4 24. Re2 Qd8 25. Qa3 h5 26. Rb2 Qc7 27. Rxb8+
Qxb8 28. Qb3 Qc7 29. Ba6 Kg7 30. Qb7 h4 31. Qxc7 Bxc7 32. Kf2 g5 33. Ne3 f4 34.
Nc2 f5 35. Ne1 Ba5 36. Ne2 Bd2 37. Nf3 Be3+ 38. Kf1 Kh6 39. Ne5 Be8 40. Bb7 Bd2
41. Bxc6 Bxc6 42. Nxc6 g4 43. Ne5 f3 44. Ng1 fxg2+ 45. Kxg2 g3 46. Ngf3 Ba5 47.
Nxh4 f4 48. Kf3 Kg5 49. Ng2 Bc3 50. c6 Ba5 51. Nxf4 g2 52. Nxg2 Bc7 53. Nf4 Kf6
54. Nxd5+ 1-0

[Event "Madrid-ch Previa A"]
[Site "Madrid ESP"]
[Date "2014.02.17"]
[Round "7.13"]
[White "Rodriguez Bachiller, Luis"]
[Black "Santamaria Baeza, A."]
[Result "0-1"]
[WhiteElo "1771"]
[BlackElo "1928"]
[PlyCount "130"]
[EventDate "2014.02.03"]
[EventType "swiss"]
[EventRounds "9"]
[EventCountry "ESP"]
[Source "lmi"]
[SourceDate "2014.02.03"]

1. d4 Nf6 2. c4 e6 3. Nc3 Bb4 4. Bg5 c6 5. Qc2 d5 6. a3 Be7 7. e4 Nxe4 8. Bxe7
Qxe7 9. Nxe4 dxe4 10. Qxe4 Nd7 11. Nf3 Nf6 12. Qe5 b6 13. Be2 Bb7 14. O-O Rd8
15. Rfd1 O-O 16. Rd2 Rd6 17. Rad1 Rfd8 18. b4 b5 19. h3 a6 20. Qe3 Qc7 21. Rc1
h6 22. Qe5 Qe7 23. Qf4 Nh7 24. cxb5 cxb5 25. Rdc2 Bxf3 26. Rc7 Qf6 27. Qxf6
Nxf6 28. Bxf3 Rxd4 29. Ra7 R4d6 30. Rcc7 R8d7 31. Rxd7 Nxd7 32. Bb7 Rb6 33. Bc8
Nb8 34. Ra8 Kh7 35. Kf1 Kg6 36. Ke2 Kf6 37. Ke3 g5 38. f4 Kf5 39. g4+ Kf6 40.
Ke4 gxf4 41. Kxf4 Ke7 42. h4 f6 43. h5 Kd6 44. Ra7 Rc6 45. Bb7 Rc4+ 46. Kg3
Rc3+ 47. Bf3 Rxa3 48. Rh7 Nc6 49. Rxh6 Ke5 50. g5 fxg5 51. Kg4 Nd4 52. Bb7 a5
53. bxa5 Rxa5 54. Kxg5 b4 55. Rf6 b3 56. Rf1 Rb5 57. Ba6 Rb8 58. Re1+ Kd5 59.
Rb1 b2 60. h6 Nf3+ 61. Kg6 Nd2 62. Rxb2 Rxb2 63. h7 Rb8 64. Kg7 e5 65. Bb7+
Rxb7+ 0-1